"Konnersreuth` (Record no. 127746)

MARC details
000 -LEADER
campo de control de longitud fija 00608nam a2200205 4500
001 - NÚMERO DE CONTROL
campo de control 127746
003 - IDENTIFICADOR DE NÚMERO DE CONTROL
campo de control ES-MaACL
005 - FECHA Y HORA DE LA ÚLTIMA TRANSACCIÓN
campo de control 20260528172346.0
007 - CAMPO FIJO DE DESCRIPCIÓN FÍSICA--INFORMACIÓN GENERAL
campo de control de longitud fija t|
008 - DATOS DE LONGITUD FIJA--INFORMACIÓN GENERAL
campo de control de longitud fija 070214s1955 sp r ||||1| spa d
100 0# - ENTRADA PRINCIPAL--NOMBRE DE PERSONA
Nombre de persona Rinser, Luise,
Fechas asociadas al nombre 1911-2002
9 (RLIN) 97293
245 11 - MENCIÓN DEL TÍTULO
Título "Konnersreuth`
Resto del título : (últimos testimonios sobre la vida de Teresa Neumann) /
Mención de responsabilidad, etc. Luise Rinser.
260 ## - PUBLICACIÓN, DISTRIBUCIÓN, ETC.
Lugar de publicación, distribución, etc. San Sebastián :
Nombre del editor, distribuidor, etc. Dinor,
Fecha de publicación, distribución, etc. 1955.
300 ## - DESCRIPCIÓN FÍSICA
Extensión 176 p., 5 lám. ;
Dimensiones 19 cm.
490 1# - MENCIÓN DE SERIE
Mención de serie Prisma
500 ## - NOTA GENERAL
Nota general Versión directa del alemán.
830 00 - PUNTO DE ACCESO ADICIONAL DE SERIE-TÍTULO UNIFORME
Título uniforme Prisma
9 (RLIN) 180749
852 ## - LOCALIZACIÓN
Ubicación ES-MaACL
Número de control de estantería C-10600
Sublocalización o colección R.38292
Holdings
Estatus retirado Estado de pérdida Estado de daño No para préstamo Biblioteca de origen Biblioteca actual Ubicación en estantería Fecha de adquisición Fuente de adquisición Total de préstamos Signatura topográfica completa Código de barras Visto por última vez Precio de reemplazo Tipo de ítem Koha
        Biblioteca del Ateneo de Madrid Biblioteca del Ateneo de Madrid Sala Palomar 17/01/2008     C-10600 1133054 23/02/2023 23/02/2023 Libro impreso